| 000 | 00356nam a2200121 4500 | ||
|---|---|---|---|
| 999 |
_c13545 _d13545 |
||
| 008 | 190328b ||||| |||| 00| 0 eng d | ||
| 100 |
_937824 _aDe Vera-Ruiz, Ellalyn |
||
| 245 |
_aInternet users increasing- SWS/ _cEllayn De Vera-Ruiz |
||
| 260 |
_aPhilippines _bManila Bulletin _cc2018 |
||
| 300 | _apage 6. | ||
| 650 | 0 |
_937825 _aInternet. |
|
| 942 |
_2ddc _cPER |
||